|
|
|
|
| LEADER |
00000nam a22000004a 4500 |
| 001 |
AR-BbUGT1661 |
| 003 |
AR-BbUGT |
| 005 |
20181220001555.0 |
| 007 |
ta |
| 008 |
061101t1941 ||| |0|||0| d |
| 040 |
|
|
|a AR-BbUGT
|b spa
|c AR-BbUGT
|
| 082 |
0 |
4 |
|a 333.9109826
|
| 100 |
1 |
|
|a Cano, Guillermo.
|
| 245 |
1 |
0 |
|a Régimen jurídico económico de las aguas en Mendoza:
|b durante el período intermedio 1810-1884 /
|c Guillermo Cano.
|
| 260 |
|
|
|a Mendoza :
|b E. García Santos,
|c 1941.
|
| 300 |
|
|
|a 319 p.
|
| 653 |
|
|
|a Mendoza
|
| 653 |
|
|
|a Agua
|
| 653 |
|
|
|a Legislación
|
| 653 |
|
|
|a Recursos Naturales
|
| 942 |
|
|
|c BK
|h 333.9109826
|i C165
|m D
|2 ddc
|6 333_910982600000000_C165
|
| 999 |
|
|
|c 9420
|d 9420
|